000 00408pab a2200157 454500
008 180718b1997 xxu||||| |||| 00| 0 eng d
100 _aBanerjee, Tuhin S.
245 _aIndia's power sector: issues and remedies
260 _c1997
300 _ap.85-96
362 _aJul-Dec
650 _aElectricity - India
650 _aPower industry
773 _aSouth Asian Journal of Management
909 _a38657
999 _c38657
_d38657